000 00437nam a2200169Ia 4500
003 GCL
008 140319s9999 xx 000 0 eng d
040 _aGCL /
_cGCL
082 0 4 _aCH
_b623.409
_bB A
100 1 _aBYAM, MICHAEL
245 1 0 _aARMS AND ARMOUR /
_cBYAM, MICHAEL
260 _a[S.N] :
_bDORLING KINDERSLEY ،
_c1993
300 _a63 P
650 0 4 _aARMS AND ARMOUR
650 0 4 _aARMS AND ARMAR, ANCIENT
942 _2ddc
_cBK
999 _c15059
_d15059